<?xml version="1.0" encoding="UTF-8"?><collection xmlns="info:lc/xmlns/marcxchange-v2"><record format="Unimarc" type="bibliographic"><leader>01052cam  2200277   450 </leader><controlfield tag="001">1049522</controlfield><controlfield tag="003">http://id.bnportugal.gov.pt/bib/porbase/1049522</controlfield><controlfield tag="005">20010606142400.0</controlfield><datafield ind1=" " ind2=" " tag="010"><subfield code="a">0-940450-48-8</subfield></datafield><datafield ind1=" " ind2=" " tag="010"><subfield code="a">0-940450-49-6</subfield></datafield><datafield ind1=" " ind2=" " tag="010"><subfield code="a">0-940450-50-X</subfield></datafield><datafield ind1=" " ind2=" " tag="035"><subfield code="a">(bn)1049522</subfield></datafield><datafield ind1=" " ind2=" " tag="100"><subfield code="a">20010226d1988    km y0pory0103    ba</subfield></datafield><datafield ind1="0" ind2=" " tag="101"><subfield code="a">eng</subfield></datafield><datafield ind1=" " ind2=" " tag="102"><subfield code="a">US</subfield></datafield><datafield ind1=" " ind2=" " tag="106"><subfield code="a">r</subfield></datafield><datafield ind1="1" ind2=" " tag="200"><subfield code="a">Complete plays of Eugene O'Neill</subfield></datafield><datafield ind1=" " ind2="9" tag="210"><subfield code="a">New York</subfield><subfield code="c">The Library of America</subfield><subfield code="d">cop. 1988</subfield></datafield><datafield ind1=" " ind2=" " tag="215"><subfield code="a">3 v.</subfield></datafield><datafield ind1="2" ind2=" " tag="225"><subfield code="a">?The ?Library of America Series</subfield><subfield code="v">40-42</subfield></datafield><datafield ind1="1" ind2=" " tag="327"><subfield code="a">1º v. : Complete plays 1913-1920. - [10], 1104, [3] p.</subfield><subfield code="a">2º v. : Complete plays 1920-1931. - cop. 1988. - [10], 1092, [3] p.</subfield><subfield code="a">3º v. : Complete plays 1932-1943. - cop. 1988. - [10], 1007, [2] p.</subfield></datafield><datafield ind1=" " ind2=" " tag="675"><subfield code="a">821.111(73)-2"19"</subfield><subfield code="v">BN</subfield><subfield code="z">por</subfield><subfield code="3">558225</subfield></datafield><datafield ind1=" " ind2="1" tag="700"><subfield code="a">O'Neill</subfield><subfield code="b">Eugene</subfield><subfield code="f">1888-1953</subfield><subfield code="3">50027</subfield></datafield><datafield ind1=" " ind2=" " tag="966"><subfield code="b">001</subfield><subfield code="d">1º v.</subfield><subfield code="l">BN</subfield><subfield code="m">FGMON</subfield><subfield code="s">L. 69817 V.</subfield><subfield code="x">3</subfield></datafield><datafield ind1=" " ind2=" " tag="966"><subfield code="b">001</subfield><subfield code="d">2º v.</subfield><subfield code="l">BN</subfield><subfield code="m">FGMON</subfield><subfield code="s">L. 69818 V.</subfield><subfield code="x">3</subfield></datafield><datafield ind1=" " ind2=" " tag="966"><subfield code="b">001</subfield><subfield code="d">3º v.</subfield><subfield code="l">BN</subfield><subfield code="m">FGMON</subfield><subfield code="s">L. 69819 V.</subfield><subfield code="x">3</subfield></datafield><datafield ind1=" " ind2=" " tag="997"><subfield code="a">BIBEOD</subfield></datafield></record></collection>